Sports Quiz

Random Sports or MLB Quiz

Players born in Dayton, Ohio Quiz Stats

Quiz not verified by Sporcle

Also try: Hometown Favorites
Challenge
Share
Tweet
Embed
Score 0/6 Timer 10:00
0 Plays Today
% Correct
Mike Schmidt
82.7%
Roger Clemens
68.5%
Todd Hollandsworth
66.7%
Chris Chambliss
63%
Cory Vance
61.7%
12.3%

You're not logged in!

Compare scores with friends on all Sporcle quizzes.
Join for Free
OR
Log In

You Might Also Like...

Show Comments

Extras

Top Quizzes Today


Score Distribution

Your Account Isn't Verified!

In order to create a playlist on Sporcle, you need to verify the email address you used during registration. Go to your Sporcle Settings to finish the process.

Report this User

Report this user for behavior that violates our Community Guidelines.

Details: